00550nam a2200181Ia 4500003000900000008004100009040001600050080001600066100002400082245004300106260003500149300000900184650003500193650002600228942000700254999001500261952009200276IN-BaIIA211028s9999 xx 000 0 eng d cIIA Library a658.31bMUT aMuthuswamy, P97319 0aMedican attendance rulecP. Muthuswamy aMadrasbSwamy Publishersc1972 a32p. aCentral Government Rules97081 aOthers Thesaurus9637 cBK c4437d4437 00104070aBANbKODcGENd1974-06-27l0o658.31/ MUTp4954r2021-11-05w1974-06-27yBK